000 00568nam a2200241 a 4500
001 nice12345678
003 IN_TiNIC
005 20260116013815.0
008 070405s1991 dela grp 000 0 eng
020 _a0803985681
_c140
082 0 0 _a200
_bTUR
100 _aTurner, Bryan S
245 _aReligion and Social Theory
260 _aDelhi
_bSage Pub
_c1991
300 _a264p
500 _aincludes index and biblioraphy
505 2 _aIndex
650 _aReligion
700 1 _aTurner, Bryan S
902 _bSRS
942 _cBK
999 _c12602
_d12602